Регионална библиотека "Любен Каравелов" - Русе

Фламинго за обяд (Запис номер 333643)

MARC детайли
000 -Лидер
Контролно поле с фиксирана дължина 00776nam a2200241 a 4500
003 - Код на организацията, давaща контролен номер
Контролно поле BLK
005 - Дата и час на последна редакция
Контролно поле 20241217112433.0
008 - Елементи от данни с фиксирана дължина
fixed length control field 190712b bu ||||| |||| 00| 0 bu d
020 ## - Международен стандартен номер на книга ISBN
Международен стандартен номер на книга ISBN 9789542828228
040 ## - Източник на каталожния запис
Идентификатор на билиотеката - собственик на записа BLK
041 ## - Код за език
Код за езика на текст/звукозапис или на отделно заглавие Български
Код за езика КДБФ Български
080 ## - УДК
Текстов определител УДК Българска литература
УДК код - определител по УДК 821.163.2
УДК - код + определител 821.163.2
100 1# - Редна дума - Автор
R(LIN) 328886
Автор Николов, Любомир Павлов
Авторска отговорност първи автор
139 ## - Редно поле
Редна дума Николов, Любомир Павлов
Авторски знак Николо - Н 74
245 ## - Сведения за заглавието
Заглавие Фламинго за обяд
Редно поле (дума) Любомир Николов
260 ## - Област на издателските данни
9 (RLIN) 219755
Място на издаване, разпространение и проч. София
Име на издателя, разпространителя и проч. Сиела
Година на издаване 2019
300 ## - Физическа характеристика
Страници 201 с.
Размери/Мащаб 21 см.
380 ## - Жанр
Жанр Худож. лит.
999 ## - СИСТЕМНИ КОНТРОЛНИ НОМЕРА
Koha biblionumber 333643
Koha biblioitemnumber 333643
942 ## - АРТИКУЛИ
Вид на библиотечния материал Книги
Скрит в OPAC Не
Периодичен библиозапис Да
Koha issues (borrowed), all copies 14
944 ## - СЪЗДАВАНЕ И РЕДАКЦИЯ на ЗАПИСА
Създаване/Редакция Създаване
Дата на регистрацията/редакция 2019-08-05
Служител, извършил регистрацията/редакцията 30576
Статус, дата на статуса Цветомила Тодорова
999 ## - СИСТЕМНИ КОНТРОЛНИ НОМЕРА
Koha biblioitemnumber 333643
999 ## - СИСТЕМНИ КОНТРОЛНИ НОМЕРА
Koha biblioitemnumber 332840
Наличности
Код за отписване Код за изгубен артикул Източник на класификационната схема Код за повреда Коз за рестрикции Код за отдаване Артикулен № Име на библиотеката - собственик Име на библиотеката, в която се намира в момента Статус (Текущо местоположение) Дата на вписване в системата Местоположение - отдел Цена в лева Систематично азбучна сигнатура Баркод Цена в евро Служебен тип на артикула
  Не е изгубен Universal Decimal Classification Не е повреден без рестрикции заемане за дома 731653 Регионална библиотека "Любен Каравелов" Русе Регионална библиотека "Любен Каравелов" Русе Заемна - подръчен фонд 2019-08-06 Заемна - подръчен фонд 10.42 П 886.7-32/Н 74 120000835443 5.33 Книги
  Не е изгубен Universal Decimal Classification Не е повреден без рестрикции заемане за дома 750530 Регионална библиотека "Любен Каравелов" Русе Регионална библиотека "Любен Каравелов" Русе Заемна - подръчен фонд 2019-12-03 Заемна - подръчен фонд 9.73 П 886.7-32/Н 74 120000839280 4.97 Книги
  Не е изгубен Universal Decimal Classification Не е повреден без рестрикции заемане за дома 750531 Регионална библиотека "Любен Каравелов" Русе Регионална библиотека "Любен Каравелов" Русе Заемна - подръчен фонд 2019-12-03 Заемна - подръчен фонд 9.73 П 886.7-32/Н 74 120000839279 4.97 Книги
Vip Innovations Ltd, Rousse, Bulgaria 2025